仙靈傳奇 . 詞靈 . 貳
| 資料類型: | 圖書 | 書目號: | 53469 |
Leader xxxxxxxxxx 001 __ PCLIS00053469 005 __ 20210623142308.0 010 0_ |a978-986-94531-4-1|b平裝|dNT$380 042 __ |anbim 100 __ |a20191030g20172020de y0chiy09 e 101 0_ |achi 102 __ |atw 105 __ |ay z 000ay 200 1_ |a仙靈傳奇|h貳|i詞靈|f陳郁如文 205 __ |a第一版 210 __ |a臺北市|c親子天下|d2017[民106] 215 0_ |a331, [4]面|d21公分 225 12 |a少年天下系列|v37 320 __ |a附: 宋詞時光走廊 517 1_ |a詞靈|zchi 700 _1 |a陳|b郁如|4文 681 __ |a857.7|b8756 v.2 801 _0 |atw|bLibDipper|c20191030|gCCR 801 _1 |atw|b內湖高中|c20191105|gCCR 801 _2 |atw|b內湖高中|c20210623|gCCR |